| 000 | 00829ncm a22002415a 4500 | ||
|---|---|---|---|
| 001 | C00057341c | ||
| 005 | 20241029150429.0 | ||
| 008 | 071016s1891 ddrsyb n 1 ger d | ||
| 080 | _a785.1.082.1 | ||
| 100 | 1 |
_aBruckner, Joseph Anton ( _d1824-1896) _98322 |
|
| 245 | 1 | 0 |
_aSymphonie nº 9, D moll / _cvon Anton Bruckner. |
| 254 | _a[Kleine Partitur]. | ||
| 260 |
_aLeipzig : _bErnst Eulenburg, _c[d. 1891] |
||
| 300 |
_aPartitura (196 p.) ; _c19 cm. |
||
| 490 | 0 |
_aEulenburg's kleine Orchester Partitur Ausgabe. Symphonien ; _v67 |
|
| 500 | _aN. pl.: U.E 931. | ||
| 500 | _aFecha de publicación tomada de "The new Grove dictionary of music and musicians", vol. 6, Stanley Sadie 1980. | ||
| 500 | _aLegado Pérez Casas. | ||
| 650 |
_aSinfonías. _914405 |
||
| 852 | 4 | _jM-2289 | |
| 999 |
_c54223 _d54223 |
||